Atatürk ve devlet / (Record no. 14222)

MARC details
000 -BAŞLIK
Sabit Uzunlukta Kontrol Alanı 00578nam a22001937a 4500
999 ## - SİSTEM KONTROL NUMARALARI (KOHA)
Koha Biblionumber 14222
Koha Biblioitemnumber 14222
003 - KONTROL NUMARASI IDENTIFIER
Denetim Alanı MIRAKIL
005 - SON İŞLEM TARİHİ VE ZAMANI
Denetim Alanı 20201120155125.0
008 - SABİT-BOY VERİ ELEMANLARI - GENEL BİLGİLER
Sabit Uzunlukta Kontrol Alanı 201120b tu ||||| |||| 00| 0 tur d
040 ## - KATALOGLAMA KAYNAK
Orijinal Kataloglama Ajansı TR-AnCHP
Metne Dönüştürmek Ajansı TR-AnCHP
041 ## - DİL KODU
Metin / Ses Parça Veya Ayrı Başlığın Dil Kodu tur
082 ## - DEWEY ONLU SINIFLANDIRMA NUMARASI
Sınıflandırma Numarası ATA 923.156
Ürün Numarası G98a [t.y]
100 ## - ANA GİRİŞ - KİŞİSEL İSİM
Kişisel Ad Güventürk, Faruk
245 10 - BAŞLIK TABLOSU
Başlık Atatürk ve devlet /
Sorumluluk Tablosu, Vb Faruk Güventürk.
260 ## - YAYIN, DAĞITIM, VB
Yayın, Dağıtım, Vb Yeri [Y.y.]:
Yayıncı, Dağıtıcı, Vs Adı [Yay. y.],
Yayın, Dağıtım, Vb Tarihi [t.y].
300 ## - FİZİKSEL TANIM
Kapsam 119 s.:
Boyutlar 19 sm.
600 14 - KONU KATMA GİRİŞ - KURUMSAL ADI
9 (RLIN) 1465
Kişisel Ad Atatürk, Gazi Mustafa Kemal
Başlıklar Ve Bir Adla İlişkili Diğer Kelimeler Türkiye Cumhuriyeti 1. Cumhurbaşkanı
Bir Adıyla İlişkilendirilen Tarihler 1881-1938
650 #0 - KONU KATMA GİRİŞ - TOPİKAL DÖNEM
9 (RLIN) 5348
Topikal Süreli Veya Coğrafi Ad Giriş Elemanı Devlet
942 ## - EKLENDİ GİRİŞ ELEMANLARI (KOHA)
Sınıflandırma Veya Raf Düzeni Kaynak Dewey Decimal Classification
Koha Öğesi Türü Books
Holdings
Kalıcı Konum Mevcut Konum Edinme Tarihi Toplam Check-Out'Lar Tam Çağrı Numarası Barkod Tarih Son Görülme İtibaren Geçerli Fiyatlar Sigara Kamu Notu Koha Öğesi Türü
CHP Kütüphanesi CHP Kütüphanesi 11/20/2020   ATA 923.156 G98a [t.y] 019751 11/20/2020 11/20/2020 Emine Başak Alkan Bağışıdır. Books